000 00726nam a2200289Ia 4500
005 20260324115825.0
008 008 260324s9999 xx 000 0 eng d
020 _a9781315369860
037 _aEBOOK
040 _aCRL
040 _beng
040 _cCRL
041 _2eng
041 _aeng
084 _qCRL
100 _aWoonki Na; Bill Diong; Bei Gou
_91156150
245 0 _aFuel Cells
245 0 _bDynamic Modeling and Control with Power Electronics Applications, Second Edition
260 _bTaylor and Francis
260 _c2016
365 _a
365 _b340
856 _uhttp://www.taylorfrancis.com/books/9781315369860
942 _cEBOOK
999 _c1747307
_d1747307